| 000 | 00654nam a2200253Ia 4500 | ||
|---|---|---|---|
| 005 | 20250425162352.0 | ||
| 008 | 250425s9999 xx 000 0 und d | ||
| 020 | _a0132340182 | ||
| 041 | _aeng | ||
| 082 | _a693.71 | ||
| 100 | _aAGHAYERE, ABI | ||
| 245 | 0 | _aSTRUCTURAL STEEL DESIGN: A PRACTICE-ORIENTED APPROACH | |
| 250 | _a1ST ED. | ||
| 260 |
_aEstados Unidos _bPEARSON EDUCATION _c2009 |
||
| 260 | _aUPPER SADDLE RIVER | ||
| 300 | _a692 | ||
| 650 | _aDISEÑO ESTRUCTURAL | ||
| 650 | _aELEMENTOS ESTRUCTURALES | ||
| 650 | _aESTRUCTURAS METALICAS | ||
| 650 | _aSOLDADURA | ||
| 700 | _aVIGIL, JASON | ||
| 942 | _c01 | ||
| 010 | _a66520 | ||
| 999 |
_c227831 _d227831 |
||